The Entire 'Arctic Monkeys' Discography (2026) - Statistics

General Stats
  • This quiz has been taken 2,509 times
    80 since last reset
  • The average score is 71 of 140
Answer Stats
Answer % Correct
505
89%
Do I Wanna Know?
86%
I Wanna Be Yours
86%
R U Mine?
86%
Knee Socks
84%
I Bet You Look Good On The Dancefloor
82%
No. 1 Party Anthem
82%
AM
80%
Arabella
80%
Brianstorm
77%
Opening Night
77%
Why'd You Only Call Me When You're High?
77%
Mad Sounds
75%
One For The Road
75%
Snap Out Of It
75%
Suck It and See
75%
A Certain Romance
73%
Fireside
73%
Fluorescent Adolescent
73%
Old Yellow Bricks
73%
Crying Lightning
70%
Mardy Bum
70%
Teddy Picker
70%
Tranquility Base Hotel & Casino
70%
D is for Dangerous
68%
Favourite Worst Nightmare
68%
Only Ones Who Know
68%
Riot Van
68%
The Car
68%
When The Sun Goes Down
68%
Cornerstone
66%
Dancing Shoes
66%
Do Me a Favour
66%
Four Out Of Five
66%
Humbug
66%
My Propeller
66%
There'd Better Be A Mirrorball
66%
The View From The Afternoon
66%
Whatever People Say I Am, That's What I'm Not
66%
Piledriver Waltz
64%
She's Thunderstorms
64%
The Bad Thing
64%
2013
61%
Balaclava
61%
Fake Tales of San Francisco
61%
From The Ritz To The Rubble
61%
Love is a Laserquest
61%
The Jeweller's Hands
61%
This House is a Circus
61%
Who The F*** Are Arctic Monkeys?
61%
Bigger Boys and Stolen Sweethearts
59%
Black Treacle
59%
Body Paint
59%
Don't Sit Down 'Cause I've Moved Your Chair
59%
Pretty Visitors
59%
Despair In The Departure Lounge
57%
No Buses
57%
Perhaps Vampires Is A Bit Strong But...
57%
Red Light Indicates Doors Are Secured
57%
Star Treatment
57%
Batphone
55%
Cigarette Smoke
55%
Fire And The Thud
55%
I Want It All
55%
Library Pictures
55%
Secret Door
55%
Still Take You Home
55%
You Probably Couldn't See For The Lights But You Were Staring Straight At Me
55%
Brick By Brick
52%
One Point Perspective
52%
Dance Little Liar
50%
Mr Schwartz
50%
Potion Approaching
50%
American Sports
48%
Anyways
48%
Baby I'm Yours
48%
Dangerous Animals
48%
Electricity
48%
If You Were There, Beware
48%
Jet Skis On The Moat
48%
Sculptures Of Anything Goes
48%
The Bakery
48%
The Ultracheese
48%
Big Ideas
45%
Golden Trunks
45%
Stop The World I Wanna Get Off With You
45%
The Afternoon's Hat
45%
The Hellcat Spangled Shalalala
45%
You're So Dark
45%
Cigarette Smoker Fiona
43%
Hello You
43%
I Ain't Quite Where I Think I Am
43%
Reckless Serenade
43%
She Looks Like Fun
43%
Too Much To Ask
43%
7
41%
That's Where You're Wrong
41%
All My Own Stunts
39%
Da Frame 2R
39%
Evil Twin
39%
Joining The Dots
39%
Matador
39%
Nettles
39%
Science Fiction
39%
Catapult
36%
Chun Li Flying Bird Kick
36%
Leave Before The Lights Come On
36%
Red Right Hand
36%
Sketchead
36%
The World's First Ever Monster Truck Front Flip
36%
Beneath The Boardwalk
34%
Don't Forget Whose Legs You're On
34%
Perfect Sense
34%
Plastic Tramp
34%
Temptation Greets You Like Your Naughty Friend
34%
You and I
34%
Bad Woman
32%
Put Your Dukes Up John
32%
Settle For A Draw
32%
I.D.S.T.
30%
Stickin' To The Floor
30%
The Death Ramps
30%
Choo Choo
27%
Fright Lined Dining Room
27%
If You Found This It's Probably Too Late
27%
The Blond-O-Sonic Shimmer Trap
27%
What If You Were Right The First Time?
27%
I Haven't Got My Strange
23%
R U Mine? / Electricity
23%
Five Minutes With Arctic Monkeys
20%
Space Invaders
20%
Da Frame 2R / Matador
18%
Little Illusion Machine (Wirral Riddler)
16%
Ravey Ravey Ravey Club
16%
Wavin' Bye to the Train or the Bus
16%
-
14%
Curtains Closed
14%
On the Run From the MI5
14%
Scummy
11%
Knock a Door Run
9%
No matching quizzes found
Score Distribution
Percent of People with Each Score
Percentile by Number Answered
Your Score History
You have not taken this quiz since the last reset